000 00622nam a2200193 a 4500
005 20251205063950.0
008 991125s1982 mx 000 0 spa u
035 _aUPN01000005433
049 _aF
050 4 _aLB1025
_bD5 no.3c
100 1 _aRamos, Raymundo,
_d1934-
_931085
245 1 0 _aBases para el diseño de un programa de evaluación /
_cRaymundo Ramos.
260 _aMéxico :
_bUniversidad Iberoamericana, Centro de Didáctica,
_c1982.
300 _ap. 39-44
440 0 _aDIDAC.
_pBoletín ;
_v3c
650 4 _aEnseñanza
_vColecciones
_921467
650 4 _aMediciones y pruebas educativas
_94299
905 _aLibro
999 _c5433
_d5433